000 01209nam a2200337 i 4500
001 000043394
003 DO-SdBNP
005 20250630144952.0
007 ta
008 140312s2008 sp a r 000 p spa d
020 _a9789945862102
040 _aDO-SdBNP
_bspa
_cBNPHU
_erda
041 _aspa
082 4 _aRD863.44
_bM516t
_222
100 1 _aMejía García, Isidra,
_d1958-
_eautor
_4aut.
_971055
245 1 0 _aTrabajemos poesías /
_cIsidra Mejía García ; prólogo, Rosa María Valladares González.
250 _aPrimera edición
264 4 _aSanto Domingo, República Dominicana :
_bDelfos Editores,
_c©2008.
300 _axii, 140 páginas :
_bilustraciones ;
_c18 cm.
336 _atexto
_btxt
_2rdacontent
337 _asin mediación
_bn
_2rdamedia
338 _avolumen
_bnc
_2rdacarrier
500 _aIncluye datos biográficos de la autora en la contracubierta.
504 _aIncluye notas al pie de las páginas
590 _aInventariado, 2020/BT
650 0 _aPoesía dominicana --
_966
650 0 _aLiteratura dominicana --
_967
700 1 _aValladares González, Rosa María,
_eprologuista
_4pr.
_988221
910 _aValidado. Control de calidad MFF
942 _2ddc
_cLBS1
999 _c42883
_d42883